[Event "Oberliga Sued W 2122"]
[Site "Germany"]
[Date "2022.05.15"]
[Round "3.5"]
[White "Hauck, Heiko"]
[Black "Erlekam, Simon"]
[Result "1-0"]
[WhiteElo "2092"]
[BlackElo "1876"]
[PlyCount "35"]
[EventDate "2021.10.24"]
[EventType "team-tourn"]
[EventRounds "9"]
[EventCountry "GER"]
[SourceTitle "EXT 2023"]
[Source "ChessBase"]
[SourceDate "2022.10.05"]
[SourceVersion "1"]
[SourceVersionDate "2022.10.05"]
[SourceQuality "1"]
[WhiteTeam "Speyer Schwegenheim II"]
[BlackTeam "Gau Algesheim"]
[WhiteTeamCountry "GER"]
[BlackTeamCountry "GER"]

1. e4 c5 2. Nf3 Nc6 3. d4 cxd4 4. Nxd4 Nf6 5. Nc3 d6 6. Bg5 e5 7. Bxf6 gxf6 8. Nde2 f5 9. Ng3 fxe4 10. Qh5 Be6 11. 0-0-0 Qd7 12. Ngxe4 0-0-0 13. Nf6 Qc7 14. Ncd5 Qa5 15. Bc4 Qc5 16. Qe2 Nd4 17. Qf1 Bg7 18. b4 1-0

[Event "Oberliga Sued W 1920"]
[Site "Germany"]
[Date "2020.03.01"]
[Round "7.7"]
[White "Erlekam, Simon"]
[Black "Beck, Michael1"]
[Result "0-1"]
[WhiteElo "1881"]
[BlackElo "2106"]
[PlyCount "82"]
[EventDate "2019.09.29"]
[EventType "team-tourn"]
[EventRounds "9"]
[EventCountry "GER"]
[SourceTitle "EXT 2021"]
[Source "ChessBase"]
[SourceDate "2020.10.23"]
[SourceVersion "1"]
[SourceVersionDate "2020.10.23"]
[SourceQuality "1"]

1. e4 e6 2. d4 d5 3. e5 c5 4. c3 Nc6 5. f4 Bd7 6. Nf3 Nh6 7. Be2 Qb6 8. 0-0 cxd4 9. cxd4 Nxd4 10. Nxd4 Nf5 11. Kh1 Qxd4 12. Nc3 Qxd1 13. Rxd1 Bc5 14. a3 Rc8 15. Rb1 0-0 16. b4 Bb6 17. Bd2 Ne3 18. Rdc1 Nc4 19. Bxc4 Rxc4 20. Na2 Rfc8 21. Rxc4 Rxc4 22. Rc1 Rxc1+ 23. Nxc1 Bd4 24. Nb3 Bb2 25. Nc5 Bc6 26. a4 d4 27. a5 Kf8 28. Kg1 Bc3 29. Bxc3 dxc3 30. Kf2 c2 31. Nb3 Ke7 32. g3 Kd7 33. Ke2 Ba4 34. Nc5+ Kc6 35. Kd2 Kb5 36. Nxb7 Kxb4 37. Nd6 Kxa5 38. Nxf7 Kb4 39. f5 exf5 40. e6 Kc5 41. e7 Kd5 0-1

[Event "Oberliga Sued W 1920"]
[Site "Germany"]
[Date "2020.02.09"]
[Round "6.6"]
[White "Lang, Matthias"]
[Black "Erlekam, Simon"]
[Result "1-0"]
[WhiteElo "2164"]
[BlackElo "1881"]
[PlyCount "55"]
[EventDate "2019.09.29"]
[EventType "team-tourn"]
[EventRounds "9"]
[EventCountry "GER"]
[SourceTitle "EXT 2021"]
[Source "ChessBase"]
[SourceDate "2020.10.23"]
[SourceVersion "1"]
[SourceVersionDate "2020.10.23"]
[SourceQuality "1"]

1. d4 Nf6 2. Nf3 g6 3. Bg5 Bg7 4. Nbd2 d6 5. e4 Nbd7 6. Bd3 c5 7. d5 a6 8. a4 b6 9. 0-0 Rb8 10. Qe2 Ng4 11. c3 Ra8 12. h3 Nge5 13. Nxe5 Nxe5 14. Bc2 0-0 15. f4 Nd7 16. Nc4 Rb8 17. Nxd6 f6 18. Nxc8 fxg5 19. Na7 Qc7 20. Nc6 Rbe8 21. fxg5 Ne5 22. Qxa6 Nxc6 23. dxc6 Qxc6 24. a5 Rb8 25. Qc4+ Kh8 26. Rxf8+ Rxf8 27. a6 b5 28. Qd5 1-0

[Event "GER-chT U16"]
[Site "Neumarkt in der Oberpfalz"]
[Date "2016.12.27"]
[Round "1.2"]
[White "Erlekam, Simon"]
[Black "Burian, Simon"]
[Result "0-1"]
[WhiteElo "1891"]
[BlackElo "1828"]
[PlyCount "64"]
[EventDate "2016.12.27"]
[EventType "team-swiss"]
[EventRounds "7"]
[EventCountry "GER"]
[SourceTitle "EXT 2018"]
[Source "ChessBase"]
[SourceDate "2017.10.13"]
[SourceVersion "1"]
[SourceVersionDate "2017.10.13"]
[SourceQuality "1"]
[WhiteTeam "Gau Algesheim"]
[BlackTeam "Plauen Koenig"]
[WhiteTeamCountry "GER"]
[BlackTeamCountry "GER"]

1. e4 c5 2. Nf3 d6 3. Nc3 Nf6 4. d4 cxd4 5. Nxd4 a6 6. Be2 e5 7. Nb3 Be7 8. 0-0 Be6 9. f4 exf4 10. Bxf4 Nc6 11. Kh1 Ne5 12. Nd4 Qa5 13. Qe1 Ng6 14. Bg3 0-0 15. Nxe6 fxe6 16. Bc4 Kf7 17. Rd1 Rfd8 18. Bb3 Qh5 19. Ne2 Rac8 20. Nd4 Nf8 21. e5 dxe5 22. Bxe5 Bd6 23. Bxd6 Rxd6 24. Nxe6 Rxe6 25. Rd7+ N8xd7 26. Qxe6+ Kg6 27. g4 Qe5 28. Qf7+ Kh6 29. g5+ Qxg5 30. Rg1 Ng4 31. Be6 Nde5 32. Qxb7 Nf2# 0-1

[Event "GER-chT U16"]
[Site "Lingen"]
[Date "2015.12.27"]
[Round "1.3"]
[White "Zimmer, Raphael"]
[Black "Erlekam, Simon"]
[Result "1-0"]
[WhiteElo "1992"]
[BlackElo "1774"]
[PlyCount "51"]
[EventDate "2015.12.27"]
[EventType "team-swiss"]
[EventRounds "7"]
[EventCountry "GER"]
[SourceTitle "EXT 2017"]
[Source "ChessBase"]
[SourceDate "2016.10.25"]
[SourceVersion "1"]
[SourceVersionDate "2016.10.25"]
[SourceQuality "1"]
[WhiteTeam "Sasbach"]
[BlackTeam "Gau Algesheim"]
[WhiteTeamCountry "GER"]
[BlackTeamCountry "GER"]

1. e4 c5 2. Nf3 e6 3. d4 cxd4 4. Nxd4 Nf6 5. Bd3 Nc6 6. Nxc6 bxc6 7. 0-0 d5 8. Nd2 Be7 9. Qe2 0-0 10. Rd1 Qc7 11. c4 Bd6 12. g3 d4 13. f4 e5 14. f5 c5 15. Nf1 Re8 16. g4 Nd7 17. Ng3 Nf8 18. Nh5 Be7 19. Rf1 g6 20. Ng3 f6 21. g5 Qd8 22. Qf3 Kg7 23. fxg6 hxg6 24. h4 fxg5 25. Qf7+ Kh6 26. Kf2 1-0

[Event "Rheinland Pfalz op 6th"]
[Site "Gau Algesheim"]
[Date "2014.06.20"]
[Round "3"]
[White "Buzov, Boris"]
[Black "Erlekam, Simon"]
[Result "1-0"]
[WhiteElo "2069"]
[BlackElo "1791"]
[PlyCount "99"]
[EventDate "2014.06.19"]
[EventType "swiss"]
[EventRounds "7"]
[EventCountry "GER"]
[SourceTitle "CBM 161 Extra"]
[Source "ChessBase"]
[SourceDate "2014.08.29"]
[SourceVersion "1"]
[SourceVersionDate "2014.08.29"]
[SourceQuality "1"]

1. d4 Nf6 2. Bg5 Ne4 3. Bf4 d5 4. Nd2 e6 5. Nxe4 dxe4 6. c3 Bd6 7. Bg3 0-0 8. e3 Bd7 9. Bc4 Bc6 10. Ne2 Nd7 11. Qc2 Bd5 12. Bb3 Bxb3 13. axb3 Nf6 14. Bh4 h6 15. Bxf6 Qxf6 16. Qxe4 Rfd8 17. b4 c6 18. f4 h5 19. 0-0 g6 20. Qf3 Kg7 21. e4 Bc7 22. Rf2 Rh8 23. g3 a6 24. h4 Bb6 25. Kh1 Rae8 26. Ng1 Rhf8 27. Nh3 Qe7 28. Re2 Qd7 29. Kh2 Re7 30. Rae1 Rfe8 31. Nf2 Bc7 32. Nd1 b6 33. Ne3 c5 34. dxc5 bxc5 35. bxc5 Qb5 36. f5 Be5 37. Rf1 f6 38. fxe6 Rxe6 39. Rd1 Qxc5 40. Rd7+ R8e7 41. Rxe7+ Rxe7 42. Rd2 Qc6 43. Kg2 a5 44. g4 hxg4 45. Qxg4 Kh7 46. h5 Rg7 47. Kf3 g5 48. Rd8 Qc7 49. Qf5+ Kh6 50. Ng4+ 1-0

[Event "Rheinland Pfalz op 5th"]
[Site "Worms"]
[Date "2013.05.30"]
[Round "1"]
[White "Erlekam, Simon"]
[Black "Muranyi, Karl Jasmin"]
[Result "0-1"]
[WhiteElo "1811"]
[BlackElo "2367"]
[PlyCount "116"]
[EventDate "2013.05.30"]
[EventType "swiss"]
[EventRounds "7"]
[EventCountry "GER"]
[SourceTitle "EXT 2014"]
[Source "ChessBase"]
[SourceDate "2013.11.20"]
[SourceVersion "1"]
[SourceVersionDate "2013.11.20"]
[SourceQuality "1"]

1. e4 c6 2. d4 d5 3. Nc3 g6 4. Nf3 Bg7 5. Be2 Bg4 6. Be3 Nf6 7. exd5 cxd5 8. 0-0 0-0 9. Qd2 Nc6 10. Rad1 e6 11. Bh6 Qb6 12. Bxg7 Kxg7 13. Na4 Qa5 14. Qxa5 Nxa5 15. Nc3 Rfc8 16. Ne1 Nc4 17. f3 Nxb2 18. Rb1 Rxc3 19. Rxb2 Bf5 20. g4 b6 21. gxf5 gxf5 22. Bd3 Rac8 23. Kf2 Ne8 24. Ng2 Nd6 25. Ne3 Ra3 26. f4 Ra4 27. Ke2 Rxd4 28. a3 Ra4 29. Rb3 Rc5 30. c3 b5 31. Nc2 Ne4 32. Bxe4 Rxe4+ 33. Kd3 a6 34. Rb4 Kf6 35. Rxe4 fxe4+ 36. Kd2 Rc8 37. Nd4 Rg8 38. Rf2 Rg1 39. Ke3 Ra1 40. Nc2 Rd1 41. Rd2 Rc1 42. Rf2 h5 43. Kd2 Rg1 44. Ke3 Ke7 45. Ke2 Kd6 46. Rf1 Rg8 47. Ne3 Kc5 48. Rd1 f5 49. Kf2 a5 50. Rd4 h4 51. Kf1 Rc8 52. Rd2 Kd6 53. Nd1 Rc4 54. Ke2 Ra4 55. Ra2 b4 56. cxb4 axb4 57. Rc2 Rxa3 58. Rb2 Rf3 0-1

[Event "GER-chT U14"]
[Site "Magdeburg"]
[Date "2012.12.30"]
[Round "7.3"]
[White "Oezdemir, Ali Oezden"]
[Black "Erlekam, Simon"]
[Result "1-0"]
[WhiteElo "1608"]
[BlackElo "1659"]
[PlyCount "63"]
[EventDate "2012.12.27"]
[EventType "team-swiss"]
[EventRounds "7"]
[EventCountry "GER"]
[SourceTitle "EXT 2014"]
[Source "ChessBase"]
[SourceDate "2013.11.20"]
[SourceVersion "1"]
[SourceVersionDate "2013.11.20"]
[SourceQuality "1"]
[WhiteTeam "Langen"]
[BlackTeam "Gau Algesheim"]
[WhiteTeamCountry "GER"]
[BlackTeamCountry "GER"]

1. e4 c5 2. Nf3 Nc6 3. d4 cxd4 4. Nxd4 d6 5. c4 a6 6. Nc3 g6 7. Be3 Bg7 8. Qd2 Nf6 9. f3 Bd7 10. Be2 Qc7 11. 0-0 0-0 12. Rac1 Rac8 13. Rfd1 Qb8 14. b3 Ne5 15. Bf1 Rfd8 16. Nc2 b5 17. cxb5 axb5 18. Nb4 Nc6 19. Nxb5 Nxb4 20. Qxb4 Rxc1 21. Rxc1 d5 22. Bg5 dxe4 23. Bxf6 Bxf6 24. fxe4 Be5 25. Qxe7 Bxh2+ 26. Kh1 Kg7 27. Bc4 Bxb5 28. Bxb5 Bf4 29. Rf1 Qxb5 30. Rxf4 Rd7 31. Rxf7+ Kg8 32. Qf8# 1-0

[Event "Rheinland Pfalz op 3rd"]
[Site "Gau Algesheim"]
[Date "2011.07.28"]
[Round "1"]
[White "Greulich, Jan"]
[Black "Erlekam, Simon"]
[Result "1-0"]
[WhiteElo "1924"]
[BlackElo "1256"]
[PlyCount "43"]
[EventDate "2011.07.28"]
[EventType "swiss"]
[EventRounds "7"]
[EventCountry "GER"]
[SourceTitle "EXT 2013"]
[Source "ChessBase"]
[SourceDate "2012.11.22"]
[SourceVersion "1"]
[SourceVersionDate "2012.11.22"]
[SourceQuality "1"]

1. e4 c5 2. Nc3 Nc6 3. Bb5 e6 4. Bxc6 bxc6 5. d3 d5 6. f4 Nf6 7. Nf3 Be7 8. 0-0 0-0 9. Qe1 Ba6 10. e5 Nd7 11. b3 Nb6 12. Qg3 c4 13. bxc4 dxc4 14. f5 Re8 15. f6 Bf8 16. fxg7 Bc5+ 17. Kh1 cxd3 18. Ne4 Be7 19. Ba3 f5 20. Bxe7 Rxe7 21. Nf6+ Kf7 22. Ng5+ 1-0

[Event "Rheinland Pfalz op 2nd"]
[Site "Schweich"]
[Date "2010.07.17"]
[Round "4"]
[White "Becker, Simon"]
[Black "Erlekam, Simon"]
[Result "0-1"]
[WhiteElo "734"]
[BlackElo "907"]
[PlyCount "76"]
[EventDate "2010.07.16"]
[EventType "swiss"]
[EventRounds "7"]
[EventCountry "GER"]
[SourceTitle "EXT 2012"]
[Source "ChessBase"]
[SourceDate "2011.11.24"]
[SourceVersion "1"]
[SourceVersionDate "2011.11.24"]
[SourceQuality "1"]

1. e4 c5 2. Nf3 Nc6 3. Nc3 e6 4. Bb5 Nf6 5. 0-0 Be7 6. d3 d5 7. exd5 exd5 8. Bg5 0-0 9. Bf4 Bg4 10. h3 Bh5 11. g4 Bg6 12. Bg5 Nd4 13. Nxd4 cxd4 14. Qf3 dxc3 15. bxc3 a6 16. Ba4 b5 17. Bb3 a5 18. a4 b4 19. cxb4 axb4 20. c4 bxc3 21. Rfc1 Rc8 22. a5 Ra8 23. Rxc3 Rxa5 24. Ba4 Qa8 25. Qd1 h6 26. Bc6 Rxa1 27. Rc1 Rxc1 28. Bxc1 Qxc6 29. Qe2 Qxc1+ 30. Kg2 h5 31. gxh5 Nxh5 32. Qxe7 Bxd3 33. Kf3 Qf4+ 34. Kg2 Be4+ 35. f3 Qg3+ 36. Kf1 Bd3+ 37. Qe2 Qxf3+ 38. Ke1 Qxe2# 0-1

[Event "Rheinland Pfalz op 2nd"]
[Site "Schweich"]
[Date "2010.07.16"]
[Round "1"]
[White "Erlekam, Simon"]
[Black "Roj, Michaela"]
[Result "0-1"]
[WhiteElo "907"]
[BlackElo "1914"]
[PlyCount "62"]
[EventDate "2010.07.16"]
[EventType "swiss"]
[EventRounds "7"]
[EventCountry "GER"]
[SourceTitle "EXT 2012"]
[Source "ChessBase"]
[SourceDate "2011.11.24"]
[SourceVersion "1"]
[SourceVersionDate "2011.11.24"]
[SourceQuality "1"]

1. e4 e5 2. Nf3 Nc6 3. Nc3 Nf6 4. d3 Bc5 5. Bg5 h6 6. Bh4 d6 7. Nd5 Be6 8. Nxf6+ gxf6 9. c3 Qe7 10. a4 a5 11. Be2 Rg8 12. Bf1 0-0-0 13. g3 d5 14. Qc2 Rg6 15. 0-0-0 d4 16. cxd4 Bxd4 17. Kd2 Bxf2 18. Ke2 Bd4 19. Rc1 Bg4 20. Bg2 Bb6 21. h3 Nd4+ 22. Kd2 Nxc2 23. Rxc2 Bxf3 24. Bxf3 Qd6 25. Bg4+ Kb8 26. Rc3 Bc5 27. Rd1 Bb4 28. Bf5 Qxd3+ 29. Ke1 Qxd1+ 30. Kf2 Rd2+ 31. Ke3 Qe2# 0-1